O fim das políticas de raça (Record no. 1962)

MARC details
000 -Etiqueta do registo
Valores 00723nam a2200265 4500
010 ## - Número ISBN
ISBN 9789895761296
021 ## - Número do Depósito Legal
Código do país Portugal
Número 536250/24
100 ## - Dados gerais de processamento
Dados gerais 20250811d2024 km|y0pory5003 ba
101 ## - Língua de publicação
Língua Português
102 ## - País de publicação
País Portugal
200 ## - Titulo e menção de responsabilidade
Título próprio O fim das políticas de raça
Primeira menção de responsabilidade Johan Norberg
Informação de outro título argumentos para uma América daltónica
205 ## - Menção da edição
Edição 1ª edição
210 ## - Publicação
Local de publicação Lisboa
Nome do editor Guerra e Paz
Data de publicação 2024
215 ## - Descrição física 
Paginação / Volumes 207 p.
Dimensões 23 cm
300 ## - Notas gerais 
Texto da nota BMB-Registado
606 ## - Nome comum usado como assunto
ID Autoridade 2813
Palavra de ordem Racismo
606 ## - Nome comum usado como assunto
ID Autoridade 2814
Palavra de ordem Raças humanas
606 ## - Nome comum usado como assunto
ID Autoridade 2815
Palavra de ordem Políticas de Raças
675 ## - CDU
Notação 316.347
Edição BMB
Língua por
700 ## - Autor principal (pessoa individual)
Apelido Hughes
Nome Coleman
ID Autoridade 2816
701 ## - Co-autor principal (pessoa individual)
ID Autoridade 2817
Apelido Santos
Nome Pedro M.
801 ## - Fonte de origem
País PT
Agência BMB
Regras de catalogação RPC
990 ## - Elementos KOHA
Tipo de documento Livro
Holdings
Situação do levantamento Estado Número Biblioteca de origem Código de barras Cota Permissão de empréstimo Tipo de documento Forma de aquisição
    1 Biblioteca Municipal de Borba 1911 316.347 HUG / FIM   Livro Oferta
Biblioteca Municipal de Borba

Powered by Koha